000 00599nam a22002177a 4500
003 OSt
005 20140310182804.0
008 130214t xxu||||| |||| 00| 0 eng d
020 _a9814009474
050 _aQH 308.2
_b .Au899 1998
082 _aM 574
_bAu1 1998
245 _aBiology life on earth
_cAudesirk, Gerald
250 _a4th ed.
260 _aNew York Toronto
_bMacmillan : Maxwell Macmillan
_cc1993
300 _axxvii, 1049 p. :
_c29 cm.
_bill., (some col.) ;
521 _acollege students
526 _c1210L-1700L
541 _j1
562 _e1
942 _2lcc
_cBK
_kM
999 _c16058
_d16058